000 00373nam a2200157Ia 4500
003 OSt
008 191201s2009 xx 000 0 und d
082 _a658.3
_bPAS
100 _aPANDEY,Mrinalini
245 0 _aStrategic Human Resource Development
250 _a1st
260 _aNew Delhi
_bVrinda Publications
_c2009
300 _a283
650 _aMBA
942 _2ddc
_cBK
999 _c4786
_d4786